Spotify Top 200 Most Streamed Songs - Statistics

General Stats
  • This quiz has been taken 116 times
  • The average score is 109 of 200
Answer Stats
Hint # Answer % Correct
Shape of You 2 Ed Sheeran
99%
Blinding Lights 1 The Weeknd
99%
As It Was 4 Harry Styles
86%
Watermelon Sugar 20 Harry Styles
86%
Starboy 5 The Weeknd
86%
Sunflower 6 Post Malone/Swae Lee
84%
Viva La Vida 45 Coldplay
82%
God’s Plan 36 Drake
82%
The Real Slim Shady 121 Eminem
82%
Billie Jean 126 Michael Jackson
82%
Bohemian Rhapsody 35 Queen
82%
Bad Guy 41 Billie Eilish
81%
Perfect 11 Ed Sheeran
79%
Believer 10 Imagine Dragons
79%
All I Want For Christmas Is You 103 Mariah Carey
79%
Smells Like Teen Spirit 77 Nirvana
79%
Rolling In The Deep 131 Adele
78%
Lose Yourself 59 Eminem
78%
7 Rings 61 Ariana Grande
76%
Locked Out Of Heaven 52 Bruno Mars
76%
Havana 95 Camila Cabello
76%
Yellow 25 Coldplay
76%
Levitating [DaBaby Remix] 85 Dua Lipa
75%
Thunder 43 Imagine Dragons
75%
Hips Don’t Lie 162 Shakira
75%
One Dance 8 Drake
74%
Take Me To Church 22 Hozier
74%
Flowers 63 Miley Cyrus
74%
Photograph 29 Ed Sheeran
73%
Sorry 71 Justin Bieber
73%
Señorita 21 Shawn Mendes/Camilla Cabello
73%
Someone You Loved 3 Lewis Capaldi
72%
Save Your Tears 82 The Weeknd
72%
Set Fire To The Rain 176 Adele
71%
Wake Me Up 44 Avicii
71%
When I Was Your Man 50 Bruno Mars
71%
Counting Stars 27 One Republic
71%
Africa 127 TOTO
71%
Thank U, Next 151 Ariana Grande
69%
Another One Bites The Dust 119 Queen
69%
SAD! 73 XXXTentacion
69%
Birds Of A Feather 93 Billie Eilish
68%
Thinking Out Loud 37 Ed Sheeran
68%
Payphone 107 Maroon 5
68%
Espresso 136 Sabrina Carpenter
68%
Chandelier 171 Sia
68%
Blank Space 140 Taylor Swift
68%
Sicko Mode 78 Travis Scott
68%
Just The Way You Are 46 Bruno Mars
67%
Radioactive 137 Imagine Dragons
67%
All Of Me 42 John Legend
67%
Drivers License 66 Olivia Rodrigo
67%
Don’t Stop Me Now 87 Queen
67%
Stitches 110 Shawn Mendes
67%
Dance Monkey 14 Tones And I
67%
That’s What I Like 54 Bruno Mars
66%
One Kiss 69 Calvin Harris/Dua Lipa
66%
New Rules 84 Dua Lipa
66%
Sweet Child O' Mine 101 Guns N' Roses
66%
Love Yourself 38 Justin Bieber
66%
Humble 51 Kendrick Lamar
66%
Die With A Smile 117 Lady Gaga/Bruno Mars
66%
Good 4 U 70 Olivia Rodrigo
66%
Rockstar 17 Post Malone
66%
Circles 34 Post Malone
66%
Cheap Thrills 180 Sia
66%
Cruel Summer 31 Taylor Swift
66%
Closer 16 The Chainsmokers
66%
Lucid Dreams 30 Juice WRLD
65%
Wonderwall 83 Oasis
65%
Stressed Out 49 Twenty One Pilots
65%
Take On Me 92 a-ha
64%
Shallow 39 Lady Gaga/Bradley Cooper
64%
Treat You Better 65 Shawn Mendes
64%
Something Just Like This 18 The Chainsmokers/Coldplay
64%
The Hills 48 The Weeknd
64%
Someone Like You 96 Adele
62%
Industry Baby 109 Lil Nas X
62%
Kill Bill 68 SZA
62%
Every Breath You Take 56 The Police
62%
Can't Feel My Face 185 The Weeknd
62%
Last Christmas 200 Wham!
62%
We Don't Talk Anymore 108 Charlie Puth
61%
Bad Habits 188 Ed Sheeran
61%
Montero (Call Me By Your Name) 144 Lil Nas X
61%
Stay 9 The Kid LAROI/Justin Bieber
61%
Goosebumps 33 Travis Scott
61%
Highway To Hell 194 AC/DC
60%
Livin' On A Prayer 199 Bon Jovi
60%
The Scientist 91 Coldplay
60%
A Sky Full Of Stars 196 Coldplay
60%
Can’t Hold Us 32 Macklemore & Ryan Lewis
60%
Creep 135 Radiohead
60%
We Found Love 157 Rihanna
60%
There’s Nothing Holdin’ Me Back 74 Shawn Mendes
60%
Lovely 13 Billie Eilish/Khalid
59%
Don’t Start Now 26 Dua Lipa
59%
Without Me 53 Eminem
59%
Somebody That I Used To Know 149 Gotye
59%
Demons 47 Imagine Dragons
59%
Don’t Stop Believin’ 76 Journey
59%
Gangsta’s Paradise 146 Coolio
58%
Mockingbird 142 Eminem
58%
Heat Waves 12 Glass Animals
58%
Iris 97 The Goo Goo Dolls
58%
Sweater Weather 7 The Neighborhood
58%
Sugar 147 Maroon 5
56%
Happier 72 Marshmello
56%
See You Again 124 Wiz Khalifa
56%
Easy On Me 129 Adele
55%
Let Her Go 60 Passenger
55%
Stay With Me 89 Sam Smith
55%
Despacito 189 Luis Fonsi
54%
Mr. Brightside 55 The Killers
54%
Do I Wanna Know? 58 Arctic Monkeys
53%
Can't Stop The Feeling! 197 Justin Timberlake
53%
In The End 62 Linkin Park
53%
Numb 105 Linkin Park
53%
Riptide 19 Vance Joy
53%
Attention 156 Charlie Puth
52%
Uptown Funk 90 Mark Ronson
52%
Congratulations 115 Post Malone
52%
Better Now 132 Post Malone
52%
Die For You 40 The Weeknd
52%
I Wanna Be Yours 24 Arctic Monkeys
49%
Dynamite 143 BTS
49%
Say You Won’t Let Go 15 James Arthur
49%
7 Years 112 Lukas Graham
49%
All The Stars 102 Kendrick Lamar/SZA
48%
Too Good At Goodbyes 86 Sam Smith
48%
Another Love 23 Tom Odell
48%
Jocelyn Flores 75 XXXTentacion
48%
Faded 111 Alan Walker
47%
September 181 Earth, Wind & Fire
47%
No Role Modelz 57 J. Cole
47%
Heathens 165 Twenty One Pilots
47%
505 118 Arctic Monkeys
46%
‘Till I Collapse 100 Eminem
45%
Maps 159 Maroon 5
45%
Seven Nation Army 190 The White Stripes
45%
This Is What You Came For 169 Calvin Harris
44%
Kiss Me More 133 Doja Cat
44%
Memories 98 Maroon 5
44%
I Feel It Coming 182 The Weeknd
44%
Highest In The Room 164 Travis Scott
44%
Cold Heart [Pnau Remix] 79 Elton John/Dua Lipa
42%
XO Tour Llif3 80 Lil Uzi Vert
42%
The Box 116 Roddy Ricch
42%
Everybody Wants To Rule The World 154 Tears For Fears
42%
Moonlight 128 XXXTentacion
42%
Dákiti 104 Bad Bunny/Jhayco
41%
Beautiful Things 173 Benson Boone
41%
Lean On 81 Major Lazer
41%
Night Changes 134 One Direction
41%
Dusk Till Dawn 179 ZAYN
41%
Why’d You Only Call Me When You’re High? 158 Arctic Monkeys
40%
When The Party’s Over 120 Billie Eilish
40%
I’m Yours 125 Jason Mraz
39%
Call Out My Name 138 The Weeknd
39%
I'm Not The Only One 113 Sam Smith
38%
Cheerleader [Felix Jaehn] 191 OMI
36%
Before You Go 106 Lewis Capaldi
35%
Youngblood 170 5 Seconds Of Summer
34%
The Nights 141 Avicii
34%
I’m Good (Blue) 148 David Guetta
34%
Without Me 99 Halsey
34%
Pumped Up Kicks 122 Foster The People
33%
Ride 174 Twenty One Pilots
33%
Me Porto Bonito 150 Bad Bunny
32%
The Less I Know The Better 184 Tame Impala
32%
Don’t Let Me Down 130 The Chainsmokers
32%
Unforgettable 64 French Montana
31%
La Canción 155 J Balvin/Bad Bunny
31%
Shut Up And Dance 152 WALK THE MOON
31%
Dreams 153 Fleetwood Mac
29%
See You Again 94 Tyler, The Creator
29%
Mood 145 24kGoldn
28%
Heather 163 Conan Gray
28%
Let Me Love You 67 DJ Snake
28%
I Don’t Care 166 Ed Sheeran/Justin Bieber
28%
All Girls Are The Same 195 Juice WRLD
27%
I Ain't Worried 178 One Republic
27%
A Thousand Years 192 Christina Perri
26%
Have You Ever Seen The Rain 172 Creedence Clearwater Revival
26%
I Took A Pill In Ibiza [Seeb Remix] 114 Mike Posner
26%
Ghost 193 Justin Bieber
25%
Somewhere We Only Know 177 Keane
25%
F**k Love 187 XXXTentacion
25%
Dandelions 183 Ruth B.
24%
Seven 88 Jung Kook
22%
The Night We Met 28 Lord Huron
21%
I Like Me Better 160 Lauv
19%
Let Me Down Slowly 167 Alec Benjamin
16%
Be Alright 175 Dean Lewis
16%
Danza Kuduro 168 Don Omar/Lucenzo
16%
Eastside 186 Benny Blanco
15%
Bzrp Music Sessions, Vol. 52 198 Bizarrap/Quevedo
11%
Roses [Imanbek Remix] 139 SAINt JHN
8%
Me Rehúso 161 Danny Ocean
6%
La Bachata 123 Manuel Turizo
6%
No matching quizzes found
Score Distribution
Percent of People with Each Score
Percentile by Number Answered
Your Score History
You have not taken this quiz